Countries who have reclaimed the most land - Statistics

General Stats
  • This quiz has been taken 31 times
  • The average score is 9 of 16
Answer Stats
Area reclaimed Country % Correct
13.600 km² China
90%
7.000 km² Netherlands
90%
1.000 km² United States
90%
500 km² Japan
83%
1.550 km² South Korea
76%
470 km² United Arab Emirates
66%
35 km² Qatar
59%
135 km² Singapore
55%
9,3 km² Philippines
52%
410 km² Bahrain
48%
3,3 km² New Zealand
45%
110 km² Bangladesh
41%
2,3 km² Sri Lanka
34%
0,6 km² Maldives
24%
0,4 km² Monaco
21%
1,9 km² South Africa
21%
No matching quizzes found
Score Distribution
Percent of People with Each Score
Percentile by Number Answered
Your Score History
You have not taken this quiz